KOHA-Header-6

Power System Analysis , A Dynamic Perspective (Record no. 5881)

000 -LEADER
fixed length control field 00316nam a2200121Ia 4500
020 ## - INTERNATIONAL STANDARD BOOK NUMBER
ISBN 978-93-325-8466-2
100 ## - MAIN ENTRY--AUTHOR NAME
Personal name K.N.Shubhanga
245 #0 - TITLE STATEMENT
Title Power System Analysis , A Dynamic Perspective
260 ## - PUBLICATION, DISTRIBUTION, ETC. (IMPRINT)
Place of publication New Delhi
Name of publisher Pearson
Year of publication 2018
300 ## - PHYSICAL DESCRIPTION
Number of Pages 784
942 ## - ADDED ENTRY ELEMENTS (KOHA)
Koha item type Books
Holdings
Withdrawn status Lost status Collection code Permanent Location Current Location Shelving location Date acquired Full call number Accession Number Koha item type
    Electrical Engineering Computing and Engineering Library Block-D Computing and Engineering Library Block-D Shelf No.A34 2019-09-15 621.319 9290 Electrical Engineering

Powered by Koha